书目信息 |
| 题名: |
中国成人教育百科全书
|
|
| 作者: | 林崇德 , 时龙 主编 | |
| 分册: | 政治·法律 | |
| 出版信息: | 海口 南海出版公司 1992.11 |
|
| 页数: | 765页 | |
| 开本: | 26cm | |
| 丛书名: | ||
| 单 册: | ||
| 中图分类: | Z227 , G72-61 | |
| 科图分类: | ||
| 主题词: | 哲学--百科全书 , 政治学--百科全书 , 成人教育--百科全书 , 法律--百科全书 , 教育--类型 | |
| 电子资源: | ||
| ISBN: | 7-80570-463-5 | |
| 000 | 00976nam0 2200301 45 | |
| 001 | 0193045056 | |
| 005 | 20061112095238.84 | |
| 010 | @a7-80570-463-5@b精装@dCNY45.00 | |
| 100 | @a19930925d1992 emky0chiy0121 ea | |
| 101 | 0 | @achi |
| 102 | @aCN@b460000 | |
| 105 | @ay ez 001yy | |
| 200 | 10 | @a中国成人教育百科全书@AZHONG GUO CHENG REN JIAO YU BAI KE QUAN SHU@i政治·法律@IZHENG ZHI · FA LV@f林崇德,时 龙主编@FLIN CHONG DE , SHI LONG ZHU BIAN |
| 210 | @a海口@c南海出版公司@d1992.11 | |
| 215 | @a765页@d26cm | |
| 330 | @a基本上分为哲学社会科学、科学技术两大类。 | |
| 540 | 1 | @a成人 教育 百科@ACHENG REN JIAO YU BAI KE |
| 606 | @a哲学@x百科全书 | |
| 606 | @a政治学@x百科全书 | |
| 606 | @a成人教育@x百科全书 | |
| 606 | @a法律@x百科全书 | |
| 606 | 0 | @a教育@x类型 |
| 690 | @aZ227@v三版 | |
| 690 | @aG72-61@v3 | |
| 701 | 0 | @a林崇德@ALIN CHONG DE@4主编 |
| 701 | 0 | @a时龙@ASHI LONG@4主编 |
| 801 | 0 | @aCN@bTSSF@c20061112 |
| 905 | @a10447@dG72-61@e66:5 | |
| 中国成人教育百科全书.政治·法律/林崇德,时 龙主编.-海口:南海出版公司,1992.11 |
| 765页;26cm |
| ISBN 7-80570-463-5(精装):CNY45.00 |
| 基本上分为哲学社会科学、科学技术两大类。 |
| ● |
| 相关链接 |
|
|
|
|
正题名:中国成人教育百科全书
索取号:G72-61/66:5
 
预约/预借
| 序号 | 登录号 | 条形码 | 馆藏地/架位号 | 状态 | 备注 |
| 1 | 0261143 | 202444346 | 第一样本阅览室/ [索取号:G72-61/66:5] | 在馆 |